| 000 | 00765nab a2200229 u 4500 | ||
|---|---|---|---|
| 001 | 16631 | ||
| 003 | HDC | ||
| 007 | cr bn ---aaaaa | ||
| 008 | 210221c20100527xx dr|noo 0 a eng d | ||
| 040 | _aHDC | ||
| 245 | 0 | _aIslamic branding: Is Bangladesh ready to cash in? | |
| 260 |
_a[No place] : _b[publisher not identified], _c2010 |
||
| 336 |
_atext _2rdacontent |
||
| 337 |
_acomputer _2rdamedia |
||
| 338 |
_aonline resource _2rdacarrier |
||
| 650 |
_aBranding and Marketing _916359 |
||
| 650 |
_aIslamic branding _9288 |
||
| 856 | _zRequest full-text at [email protected] | ||
| 942 | _2lcc | ||
| 942 | _cNEWS | ||
| 942 | _kNWSO 005726 | ||
| 999 |
_c13947 _d13947 |
||